000 00829 a2200253 4500
003 Nust
005 20170207154050.0
010 _a 2007060385
020 _a0849380847 (alk. paper)
020 _a9780849380846 (alk. paper)
035 _a(OCoLC)75713707
035 _a(OCoLC)ocm75713707
040 _cNust
082 0 0 _a004.6
100 1 _aDonoso, Yezid.
245 1 0 _aMulti-objective optimization in computer networks using metaheuristics -(E-BOOK)
_cYezid Donoso, Ramon Fabregat.
260 _aBoca Raton :
_bAuerbach Publications,
_cc2007.
300 _axvi, 449 p. :
_bill. ;
_c25 cm.
650 0 _aComputer networks.
650 0 _aMathematical optimization.
651 _aE-BOOK
700 1 _aFabregat, Ramon,
_d1963-
856 4 2 _3Publisher description
_uhttp://www.loc.gov/catdir/enhancements/fy0705/2007060385-d.html
942 _2ddc
_cBK
999 _c193082
_d193082